Gaming Quiz

Random Gaming or Pokémon Quiz

Alola Pokedex Quiz Stats

 Plays Quiz not verified by Sporcle

Score 0/300 Timer 20:00
0 Plays Today
No. Pokemon % Correct
001Rowlet
95.1%
004Litten
92.7%
003Decidueye
89.7%
002Dartrix
89.2%
007Popplio
88.9%
005Torracat
87.8%
006Incineroar
87.5%
009Primarina
86.4%
010Pikipek
85.8%
008Brionne
85.5%
012Toucannon
84.5%
015Rattata
83.4%
026Raichu
83.4%
025Pikachu
83%
016Raticate
83%
011Trumbeak
82.7%
029Vikavolt
81.9%
013Yungoos
81.8%
014Gumshoos
81.6%
027Grubbin
81.4%
024Pichu
81.4%
028Charjabug
81.1%
017Caterpie
78.9%
018Metapod
78.5%
019Butterfree
78.4%
292Lunala
78.2%
103Rockruff
77.9%
291Solgaleo
77.6%
063Gengar
77.5%
104Lycanroc
77.5%
061Gastly
77.3%
062Haunter
77.2%
253Vulpix
76.6%
229Geodude
75.7%
254Ninetales
75.5%
230Graveler
75.3%
231Golem
75.3%
123Eevee
75.1%
124Vaporeon
74.7%
289Cosmog
74.7%
126Flareon
74.6%
047Magnemite
74.6%
125Jolteon
74.6%
242Mimikyu
74.5%
082Oricorio
74.3%
129Leafeon
74.3%
285Tapu Koko
74.3%
048Magneton
74.2%
050Grimer
74.2%
051Muk
74.2%
127Espeon
74.1%
128Umbreon
74%
049Magnezone
73.9%
130Glaceon
73.8%
059Crabrawler
73.8%
131Sylveon
73.8%
286Tapu Lele
73.7%
288Tapu Fini
73.5%
114Toxapex
73.2%
294Buzzwole
73.2%
161Salandit
73.1%
252Sandslash
73.1%
042Abra
73.1%
251Sandshrew
73.1%
162Salazzle
72.9%
287Tapu Bulu
72.9%
044Alakazam
72.8%
043Kadabra
72.6%
045Meowth
72.5%
046Persian
72.5%
037Slowpoke
72.3%
290Cosmoem
72.2%
038Slowbro
72.1%
095Machop
72.1%
097Machamp
72.1%
083Cutiefly
72%
096Machoke
72%
039Slowking
71.9%
164Marowak
71.8%
117Bagon
71.7%
244Drampa
71.7%
069Golbat
71.6%
068Zubat
71.5%
070Crobat
71.4%
300Necrozma
71.4%
084Ribombee
71.3%
040Wingull
71.2%
298Kartana
71.1%
091Magikarp
71%
072Dugtrio
71%
119Salamence
70.9%
299Guzzlord
70.9%
041Pelipper
70.8%
113Mareanie
70.8%
163Cubone
70.7%
281Dratini
70.7%
071Diglett
70.6%
283Dragonite
70.6%
118Shelgon
70.6%
060Crabominable
70.4%
No. Pokemon % Correct
023Ariados
70.4%
297Celesteela
70.3%
282Dragonair
70.3%
141Dewpider
70.2%
020Ledyba
69.9%
021Ledian
69.9%
293Nihilego
69.9%
022Spinarak
69.8%
092Gyarados
69.8%
271Jangmo-o
69.6%
224Turtonator
69.5%
135Jigglypuff
69.3%
144Lurantis
69.1%
273Kommo-o
69.1%
136Wigglytuff
68.9%
142Araquanid
68.9%
134Igglybuff
68.8%
170Bewear
68.7%
296Xurkitree
68.6%
110Wishiwashi
68.6%
149Poliwag
68.6%
225Togedemaru
68.6%
150Poliwhirl
68.5%
270Exeggutor
68.4%
295Pheromosa
68.3%
101Carbink
68.2%
151Poliwrath
68.2%
211Clefairy
68.1%
133Mudsdale
68%
212Clefable
68%
210Cleffa
67.8%
102Sableye
67.8%
132Mudbray
67.8%
143Fomantis
67.7%
074Fearow
67.6%
167Magmar
67.6%
166Magby
67.4%
073Spearow
67.4%
106Tentacool
67.3%
176Oranguru
67.2%
240Garchomp
67.1%
067Mismagius
67%
107Tentacruel
67%
052Growlithe
67%
268Lapras
66.9%
053Arcanine
66.8%
269Exeggcute
66.8%
112Corsola
66.7%
239Gabite
66.7%
168Magmortar
66.6%
238Gible
66.6%
243Bruxish
66.5%
169Stufful
66.5%
064Drifloon
66.4%
208Skarmory
66.4%
065Drifblim
66.3%
066Misdreavus
66.3%
171Bounsweet
66.3%
177Passimian
66.1%
272Hakamo-o
66.1%
173Tsareena
65.7%
182Wimpod
65.7%
216Metagross
65.7%
226Elekid
65.6%
237Flygon
65.6%
152Politoed
65.4%
214Beldum
65.3%
139Surskit
65.2%
215Metang
65.2%
247Glalie
65.2%
246Snorunt
65.1%
036Snorlax
65%
087Cottonee
65%
202Lanturn
65%
213Minior
64.9%
227Electabuzz
64.9%
248Froslass
64.8%
201Chinchou
64.8%
236Vibrava
64.7%
186Sandygast
64.6%
235Trapinch
64.6%
183Golisopod
64.5%
035Munchlax
64.4%
172Steenee
64.4%
277Murkrow
64.3%
056Makuhita
64.3%
140Masquerain
64.2%
249Sneasel
64.2%
265Sharpedo
64.2%
088Whimsicott
63.9%
174Comfey
63.9%
076Braviary
63.9%
116Cloyster
63.9%
263Dhelmise
63.9%
146Shiinotic
63.8%
284Aerodactyl
63.7%
187Palossand
63.6%
228Electivire
63.6%
145Morelull
63.5%
033Chansey
63.5%
No. Pokemon % Correct
057Hariyama
63.4%
075Rufflet
63.4%
115Shellder
63.4%
100Gigalith
63.3%
137Tauros
63.3%
196Phantump
63.3%
034Blissey
63.2%
250Weavile
63.2%
278Honchkrow
63.1%
160Talonflame
62.9%
086Lilligant
62.8%
098Roggenrola
62.8%
275Scyther
62.7%
085Petilil
62.7%
099Boldore
62.7%
078Mandibuzz
62.5%
032Happiny
62.4%
197Trevenant
62.4%
276Scizor
62.4%
077Vullaby
62.4%
158Fletchling
62.2%
280Lucario
62%
159Fletchinder
61.9%
264Carvanha
61.9%
279Riolu
61.8%
185Starmie
61.8%
184Staryu
61.7%
147Paras
61.4%
081Delibird
61.3%
148Parasect
61.2%
192Archen
61.1%
193Archeops
61%
138Miltank
60.8%
232Sandile
60.4%
233Krokorok
59.9%
178Goomy
59.6%
190Shieldon
59.6%
203Type: Null
59.6%
180Goodra
59.5%
191Bastiodon
59.5%
195Carracosta
59.4%
055Hypno
59.3%
234Krookodile
59.3%
194Tirtouga
59.2%
093Barboach
59.2%
241Klefki
59.2%
054Drowzee
59.1%
079Mankey
59%
188Cranidos
58.8%
189Rampardos
58.8%
080Primeape
58.7%
030Bonsly
58.5%
179Sliggoo
58.5%
031Sudowoodo
58.5%
094Whiscash
58.5%
122Stoutland
57.7%
121Herdier
57.6%
120Lillipup
57.6%
204Silvally
57.6%
221Pangoro
57.3%
220Pancham
57.2%
175Pinsir
57.2%
274Emolga
57.1%
205Zygarde
57.1%
089Psyduck
57%
198Nosepass
56.8%
090Golduck
56.7%
199Probopass
56.5%
245Absol
55.9%
058Smeargle
55.8%
155Feebas
55%
200Pyukumuku
55%
256Vanillish
55%
156Milotic
54.9%
255Vanillite
54.7%
257Vanilluxe
54.5%
222Komala
54.3%
165Kangaskhan
53.5%
153Goldeen
53.1%
262Relicanth
53%
154Seaking
52.8%
111Luvdisc
52.6%
267Wailord
52.2%
266Wailmer
51.9%
261Gastrodon
50.9%
260Shellos
50.3%
259Granbull
49.7%
157Alomomola
49.6%
206Trubbish
49.6%
207Garbodor
49.6%
258Snubbull
49.1%
223Torkoal
49.1%
209Ditto
49%
108Finneon
48.5%
109Lumineon
48.2%
105Spinda
46.9%
217Porygon
45.9%
218Porygon2
45.5%
219Porygon-Z
45.5%
181Castform
45.1%

You're not logged in!

Compare scores with friends on all Sporcle quizzes.
OR
Log In

Show Comments

Extras

Top Quizzes Today


Score Distribution

Your Account Isn't Verified!

In order to create a playlist on Sporcle, you need to verify the email address you used during registration. Go to your Sporcle Settings to finish the process.

Report this User

Report this user for behavior that violates our Community Guidelines.

Details: